Εισαγωγή στην Υποστηρικτική Ψυχοθεραπεία (Record no. 6323)
[ view plain ]
| 000 -LEADER | |
|---|---|
| fixed length control field | 01685cam a22002294a 4500 |
| 005 - ΗΜΕΡΟΜΗΝΙΑ ΚΑΙ ΩΡΑ ΤΕΛΕΥΤΑΙΑΣ ΕΝΗΜΕΡΩΣΗΣ | |
| Πεδίο ελέγχου | 20250605164239.0 |
| 008 - FIXED-LENGTH DATA ELEMENTS--GENERAL INFORMATION | |
| Πεδίο ελέγχου σταθερού μήκους | 250528s ||||||||||||||||||||||||d |
| 035 ## - SYSTEM CONTROL NUMBER | |
| System control number | 21256 |
| 020 ## - ISBN | |
| ISBN | 9789603947752 |
| 040 ## - ΠΗΓΗ ΚΑΤΑΛΟΓΟΓΡΑΦΗΣΗΣ | |
| Φορέας πρωτότυπης καταλογογράφησης | MC Athens Campus Library |
| Γλώσσα καταλογογράφησης | Ελληνικά, Μοντέρνα (1453-) |
| Modifying agency | MC Athens Campus Library |
| Κανόνες περιγραφικής καταλογογράφησης | AACR2 |
| 245 1# - ΤΙΤΛΟΣ ΚΑΙ ΔΗΛΩΣΗ ΥΠΕΥΘΥΝΟΤΗΤΑΣ | |
| Τίτλος | Εισαγωγή στην Υποστηρικτική Ψυχοθεραπεία |
| 250 ## - EDITION STATEMENT | |
| Edition statement | 1η |
| 260 ## - PUBLICATION, DISTRIBUTION, ETC. | |
| Name of publisher, distributor, etc. | Εκδόσεις Παρισιάνου, |
| Date of publication, distribution, etc. | 2004 |
| 300 ## - PHYSICAL DESCRIPTION | |
| Extent | 178 |
| 520 ## - SUMMARY, ETC. | |
| Summary, etc. | Ένας αξιόπιστος οδηγός για την εκμάθηση και την εξάσκηση στην υποστηρικτική ψυχοθεραπεία. Εισαγωγή στις Βασικές Ικανότητες Επάρκειας για την Επιτέλεση των Ψυχοθεραπευτικών Συνεδριών, Εισαγωγή, Βασικές Αρχές της Υποστηρικτικής Ψυχοθεραπείας, Στόχοι και Τρόποι Δράσης, Παρεμβάσεις (Τι να Πείτε), Εκτίμηση και Θεραπευτική Διαχείριση Περιστατικού και Καθορισμός Στόχου και Έκβαση της Έρευνας, Γενικό Πλαίσιο της Υποστηρικτικής Ψυχοθεραπείας, Η Θεραπευτική Σχέση, Παρέμβαση στη Κρίση, Εφαρμογή σε Ειδικούς Πληθυσμούς, Αξιολογώντας την Επάρκεια, Βιβλιογραφία, Ευρετήριο. |
| 700 1# - ΠΡΟΣΘΕΤΗ ΑΝΑΓΡΑΦΗ--ΦΥΣΙΚΟ ΠΡΟΣΩΠΟ | |
| Personal name | Pinsker Henry M.D |
| 9 (RLIN) | 7290 |
| 700 1# - ΠΡΟΣΘΕΤΗ ΑΝΑΓΡΑΦΗ--ΦΥΣΙΚΟ ΠΡΟΣΩΠΟ | |
| Personal name | Rosenthal Richard N. M.D |
| 9 (RLIN) | 7291 |
| 700 1# - ΠΡΟΣΘΕΤΗ ΑΝΑΓΡΑΦΗ--ΦΥΣΙΚΟ ΠΡΟΣΩΠΟ | |
| Personal name | Winston Arnold M.D |
| 9 (RLIN) | 7292 |
| 942 ## - ADDED ENTRY ELEMENTS (KOHA) | |
| Koha item type | Books |
| Τύπος τεκμηρίου | Βιβλιοθήκη | Τρέχουσα τοποθεσία | Barcode | Αριθμός εισαγωγής | Ημερομηνία απόκτησης | Ταξιθετικό σύμβολο | Αριθμός αντιτύπου | Κατάσταση απόσυρσης | Κατάσταση χαμένου | Κατάσταση κατεστραμμένου | Μη δανεισμός | Σύνολο δανεισμών | Ημερομηνία τελευταίας εμφάνισης | Η τιμή ισχύει από |
|---|---|---|---|---|---|---|---|---|---|---|---|---|---|---|
| Books | MC Athens Campus Library | MC Athens Campus Library | 9780000063229 | 5282 | 05/06/2025 | 616.89 WIN | 1 | 05/06/2025 | 05/06/2025 |